[Event "Bundesliga 9495"]
[Site "Germany"]
[Date "1995.??.??"]
[Round "?"]
[White "Heissler, Jakob"]
[Black "Jasnikowski, Zbigniew"]
[Result "1/2-1/2"]
[WhiteElo "2440"]
[BlackElo "2425"]

1.e4 c5 2.Nf3 e6 3.d4 cxd4 4.Nxd4 Nc6 5.Nc3 d6 6.Be2 Nf6 7.O-O Be7 8.Be3 O-O
9.f4 Bd7 10.Nb3 a6 11.a4 Na5 12.e5 Ne8 13.Nxa5 Qxa5 14.Qd2 Qc7 15.Bd4 Bc6
16.Qe3 g6 17.Bb6 Qb8 18.a5 Ng7 19.g4 f5 20.exf6 Bxf6 21.Rad1 Rf7 22.Ne4 Bxe4
23.Qxe4 d5 24.Qe3 Bxb2 25.c4 d4 26.Qe4 Qf8 27.c5 Ba3 28.c6 bxc6 29.Qxd4 Qe7
30.Qe3 Bd6 31.Bc4 Raf8 32.Rxd6 Qxd6 33.Bc5 Qc7 34.Bxf8 Kxf8 35.Qc5+ Re7 36.Bxa6 Qa7
37.Qb6 Ne8 38.Rd1 Nf6 39.Bc4 Nd5 40.Qxa7 Rxa7 41.a6 Ke7 42.f5 gxf5 43.gxf5 exf5
44.Bxd5 cxd5 45.Rxd5  1/2-1/2

[Event "Bundesliga 9495"]
[Site "Germany"]
[Date "1995.??.??"]
[Round "?"]
[White "Herbrechtsmeier, Christof"]
[Black "Schaefer, Markus"]
[Result "1/2-1/2"]
[WhiteElo "2330"]
[BlackElo "2435"]

1.e4 c5 2.Nf3 e6 3.d4 cxd4 4.Nxd4 Nc6 5.Nc3 a6 6.g3 Nge7 7.Bg2 Nxd4 8.Qxd4 Nc6
9.Qe3 Be7 10.O-O O-O 11.Bd2 Qc7 12.Kh1 d6 13.Rac1 b5 14.Ne2 Ne5 15.b3 Bb7
16.h3 d5 17.exd5 Bxd5 18.Bxd5 exd5 19.Bc3 Bf6 20.Bxe5 Bxe5 21.c3 Rad8 22.Qd3 Rfe8
23.Rfe1 Bf6 24.Kg2  1/2-1/2

[Event "Bundesliga 9495"]
[Site "Germany"]
[Date "1995.??.??"]
[Round "?"]
[White "Hort, Vlastimil"]
[Black "Teske, Henrik"]
[Result "1/2-1/2"]
[WhiteElo "2565"]
[BlackElo "2465"]

1.e4 c5 2.Nf3 e6 3.d4 cxd4 4.Nxd4 Nc6 5.Nc3 Qc7 6.Be2 a6 7.O-O Nf6 8.Kh1 Nxd4
9.Qxd4 Bc5 10.Qd3 h5 11.f4 Ng4 12.Bf3 b5 13.e5 Bb7 14.Ne4 Bxe4 15.Qxe4 Rc8
16.Qe2 f5 17.c3 Kf7 18.Bd2 Qb6 19.b4 Nf2+ 20.Kg1 Nh3+ 21.Kh1 Nf2+  1/2-1/2

[Event "Bundesliga 9495"]
[Site "Germany"]
[Date "1995.??.??"]
[Round "?"]
[White "Reeh, Oliver"]
[Black "Schmitzer, Klaus"]
[Result "1-0"]
[WhiteElo "2450"]
[BlackElo "2330"]

1.e4 c5 2.Nf3 Nc6 3.d4 cxd4 4.Nxd4 e6 5.Nc3 a6 6.Nxc6 bxc6 7.Bd3 Be7 8.e5 Qa5
9.f4 Nh6 10.O-O O-O 11.Kh1 f6 12.exf6 Rxf6 13.Bd2 Rf8 14.Qe2 Nf5 15.g4 Nh4
16.Be1 Qc7 17.Bxh4 Bxh4 18.g5 Rxf4 19.Qh5 g6 20.Bxg6 hxg6 21.Qxg6+ Kf8 22.Ne2 Bf2
23.Nxf4 Qxf4 24.Kg2 Bb7 25.Rxf2 c5+ 26.Kg1 Bf3 27.Rxf3  1-0

[Event "Bundesliga 9495"]
[Site "Germany"]
[Date "1995.??.??"]
[Round "?"]
[White "Tischbierek, Raj"]
[Black "Heissler, Jakob"]
[Result "1-0"]
[WhiteElo "2525"]
[BlackElo "2440"]

1.e4 c5 2.Nf3 e6 3.d4 cxd4 4.Nxd4 Nc6 5.Nc3 Qc7 6.Be3 a6 7.Bd3 b5 8.O-O Bb7
9.Nb3 Nf6 10.f4 d6 11.Qf3 Be7 12.Qh3 Nb4 13.a3 Nxd3 14.cxd3 O-O 15.Rac1 Qd8
16.Nd4 Rc8 17.Qg3 Kh8 18.Kh1 Nd7 19.f5 e5 20.Nf3 Nf6 21.h3 h6 22.Qf2 d5 23.Nxe5 dxe4
24.d4 Nd5 25.Nxe4 Nxe3 26.Rxc8 Qxc8 27.Qxe3 Qc2 28.Nd2 Bd5 29.f6 gxf6 30.Nd3 Re8
31.Rc1 Qa4 32.Nf4 Ba8 33.Nh5 Kh7 34.Qd3+ Kh8 35.Qg3 Bf8 36.Nxf6  1-0

[Event "Bundesliga 9495"]
[Site "Germany"]
[Date "1995.??.??"]
[Round "?"]
[White "Tischbierek, Raj"]
[Black "Jasnikowski, Zbigniew"]
[Result "1-0"]
[WhiteElo "2525"]
[BlackElo "2445"]

1.e4 c5 2.Nf3 e6 3.d4 cxd4 4.Nxd4 Nc6 5.Nc3 d6 6.Be3 Nf6 7.Qd2 Be7 8.f3 O-O
9.g4 d5 10.g5 Nd7 11.exd5 Nxd4 12.Qxd4 Bc5 13.Qd2 Bxe3 14.Qxe3 exd5 15.O-O-O Nb6
16.h4 Bf5 17.Qf4 g6 18.Bd3 Bxd3 19.Rxd3 f6 20.Qg4 fxg5 21.hxg5 Rf5 22.Ne4 Qe7
23.Nf6+ Rxf6 24.gxf6 Qxf6 25.Qh4 Qxh4 26.Rxh4 h5 27.b3 Kg7 28.a4 a5 29.Re3 Kf6
30.Rf4+ Kg5 31.Rf7 Rh8 32.Kd2 Nc8 33.Re6 Rd8 34.Rg7 Nd6  1-0

[Event "Bundesliga 9495"]
[Site "Germany"]
[Date "1995.??.??"]
[Round "?"]
[White "Werner, Marc"]
[Black "Vogt, Lothar"]
[Result "0-1"]
[WhiteElo "2345"]
[BlackElo "2515"]

1.e4 c5 2.Nf3 e6 3.d4 cxd4 4.Nxd4 Nc6 5.Nc3 d6 6.g4 Nge7 7.Be3 a6 8.Nb3 b5
9.f4 Bb7 10.Qf3 Qc7 11.O-O-O Nc8 12.Kb1 Be7 13.g5 O-O 14.Bd3 Nb6 15.Rhg1 b4
16.Ne2 a5 17.Nbd4 Nxd4 18.Nxd4 Nd7 19.h4 Rfe8 20.h5 Bf8 21.g6 fxg6 22.hxg6 h6
23.f5 Ne5 24.Qh3 exf5 25.Nxf5 Bc8 26.Bb5 Re6 27.Qh5 Rf6 28.Ba4 Be6 29.Bb3 Bxb3
30.axb3 a4 31.bxa4 Rxa4 32.Bd4 b3 33.cxb3 Ra8 34.Qe2 Qa5 35.Bc3 Qa2+ 36.Kc2 Rb8
37.Bxe5 Qxb3+ 38.Kb1 dxe5 39.Qc2 Qe6  0-1

[Event "BL9596 (Women)"]
[Site "Germany"]
[Date "1995.??.??"]
[Round "?"]
[White "Borulia, Ekaterina"]
[Black "Bojkovic, Natasa"]
[Result "1/2-1/2"]
[WhiteElo "2370"]
[BlackElo "2425"]

1.e4 c5 2.Nf3 e6 3.d4 cxd4 4.Nxd4 Nc6 5.Nc3 Qc7 6.f4 a6 7.Be3 b5 8.Be2 Bb7
9.O-O Bc5 10.Bf3 Nge7 11.Kh1 Nxd4 12.Bxd4 Bxd4 13.Qxd4 O-O 14.a4 bxa4 15.e5 Nf5
16.Qxa4 Nh4 17.Be4 f5 18.exf6 Rxf6 19.Bxb7 Qxb7 20.Qe4 d5 21.Qe1 Ng6 22.Qd2 Raf8
23.Ra4 Qb8 24.g3 Qb7 25.Kg1 Qb6+ 26.Kh1 Rc8 27.Ra2 Ne5 28.Rfa1 Nc4 29.Qe1 a5
30.b3 Ne3 31.Qd2 Rxc3 32.Qxc3 d4 33.Qd2 e5 34.fxe5 Rf8 35.Rxa5 Qc6+ 36.Kg1 Qf3
37.h4 Qxg3+ 38.Kh1 Rf2 39.Ra8+ Kf7 40.R8a7+ Kf8 41.Qb4+ Kg8 42.Ra8+ Kf7 43.Rf8+ Kg6
44.Rxf2 Qh3+ 45.Kg1 Qg3+ 46.Kh1 Qh3+  1/2-1/2

[Event "Oberliga Nord N9495"]
[Site "Germany"]
[Date "1995.??.??"]
[Round "?"]
[White "Voigt, Martin"]
[Black "Menzel, Ralf"]
[Result "1/2-1/2"]
[WhiteElo "2270"]
[BlackElo "2245"]

1.e4 c5 2.Nc3 Nc6 3.Nge2 e6 4.d4 cxd4 5.Nxd4 Nf6 6.Ndb5 d6 7.Bf4 e5 8.Bg5 a6
9.Na3 b5 10.Nd5 Be7 11.Bxf6 Bxf6 12.c3 Ne7 13.Nxf6+ gxf6 14.Nc2 Bb7 15.Bd3 Qb6
16.Ne3 d5 17.Qf3 O-O-O 18.exd5 Nxd5 19.Nxd5 Bxd5 20.Be4 Qc6 21.Bxd5 Qxd5
22.Qxd5 Rxd5 23.a4 Kb7 24.axb5 axb5 25.Ke2 Rhd8 26.Rhd1 f5 27.Rxd5 Rxd5 28.Rd1 Kc6
29.Rxd5 Kxd5 30.b3 Ke4 31.Kd2 f4 32.h4 f5 33.h5 Kd5 34.h6 e4 35.Ke2 Ke5 36.Kf1 e3
37.Ke1 Ke4 38.Ke2 exf2 39.Kxf2 Kd3 40.c4 bxc4 41.bxc4 Kxc4 42.Kf3  1/2-1/2

[Event "BL9596 (Women)"]
[Site "Germany"]
[Date "1995.??.??"]
[Round "?"]
[White "Micic, Jordanka"]
[Black "Borulia, Ekaterina"]
[Result "0-1"]
[WhiteElo "2295"]
[BlackElo "2370"]

1.e4 c5 2.Nf3 e6 3.d4 cxd4 4.Nxd4 Nc6 5.Nc3 Qc7 6.Be3 a6 7.Be2 Nf6 8.O-O Bb4
9.Nxc6 Bxc3 10.bxc3 Qxc6 11.e5 Nd5 12.c4 Nc3 13.Qd3 Nxe2+ 14.Qxe2 Qe4 15.f4 b5
16.cxb5 axb5 17.Rf3 Ra3 18.Qd2 O-O 19.Bc5 Rxf3 20.gxf3 Qxf3 21.Bxf8 Bb7 22.Rf1 Qh1+
23.Kf2 Qg2+ 24.Ke1 Qe4+ 25.Kd1 Kxf8 26.Qxd7 g6 27.Qxb5 Kg7 28.Qd3 Qa4 29.Qb3 Qd4+
30.Kc1 Bg2 31.Re1 Qxf4+ 32.Qe3 Qxh2 33.Qf2 Qh3 34.Re3 Qh1+ 35.Kb2 Qf1 36.Qxf1 Bxf1
37.a4 h5 38.a5 h4 39.Ra3 h3 40.a6 h2 41.a7 Bg2 42.Rh3 h1=Q 43.Rxh1 Bxh1 44.Kc3 g5
45.Kd4 g4 46.c4 Ba8  0-1

[Event "BL9596 (Women)"]
[Site "Germany"]
[Date "1995.??.??"]
[Round "?"]
[White "Schaefer, Anke"]
[Black "Borulia, Ekaterina"]
[Result "0-1"]
[WhiteElo "2155"]
[BlackElo "2370"]

1.e4 c5 2.Nf3 e6 3.d4 cxd4 4.Nxd4 Nc6 5.Nc3 Qc7 6.Be3 a6 7.Bd3 Nf6 8.O-O Ne5
9.h3 Bc5 10.Kh1 d6 11.f4 Ned7 12.a4 b6 13.Qf3 Bb7 14.Rae1 O-O 15.Qf2 d5 16.exd5 Nxd5
17.Nxd5 Bxd5 18.Qh4 Nf6 19.Nf3 Bxe3 20.Rxe3 Bc4 21.Ne5 Bxd3 22.cxd3 Nd5 23.Rg3 Ne7
24.Rgf3 Nf5 25.Qe1 Rfd8 26.Qd2 Rac8 27.Kh2 Rd4 28.b3 Qc3 29.Qf2 b5 30.axb5 axb5
31.g4 Ne7 32.f5 exf5 33.gxf5 f6 34.Ng4 Qc2 35.Re1 Qxf2+ 36.Nxf2 Kf7 37.Ne4 Rcd8
38.Nc5 R8d5 39.Ne6 Rxd3 40.Rxd3 Rxd3 41.b4 Nxf5 42.Nc7 Rd2+ 43.Kg1 Nd4  0-1

[Event "BL2-W9495"]
[Site "Germany"]
[Date "1995.??.??"]
[Round "?"]
[White "Holzke, Frank"]
[Black "Stoering, Volker"]
[Result "0-1"]
[WhiteElo "2380"]
[BlackElo "2320"]

1.e4 c5 2.Nf3 e6 3.d4 cxd4 4.Nxd4 Nc6 5.Nc3 a6 6.g3 d6 7.Bg2 Bd7 8.O-O Nf6
9.Nb3 Be7 10.f4 b5 11.e5 dxe5 12.fxe5 Nxe5 13.Bxa8 Qxa8 14.Bf4 Nc4 15.Qd4 Qc6
16.a4 Bc8 17.axb5 axb5 18.Nxb5 Qxb5 19.Ra7 Qb6 20.Rc7 Qxd4+ 21.Nxd4 Nb6 22.Nc6 Bc5+
23.Kg2 Nfd5 24.Ra7 Nc4 25.Ra5 Bb6 26.Rb5 Bd7 27.Rxb6 Ncxb6 28.Ne5 Bb5 29.Ra1 O-O
30.Ra5 Be8 31.Bd2 f6 32.Nd3 Nc4 33.Rxd5 exd5 34.Bb4 Rf7 35.c3 Bc6 36.Kf2 Rb7
37.Nc5 Rb8 38.Nd3 Kf7 39.Nf4 g5 40.Nd3 h5 41.Nc1 Re8  0-1

[Event "BL2-W9495"]
[Site "Germany"]
[Date "1995.??.??"]
[Round "?"]
[White "Rosenberger, Frank"]
[Black "Kohlweyer, Bernd"]
[Result "1-0"]
[WhiteElo "2295"]
[BlackElo "2435"]

1.e4 c5 2.Nf3 e6 3.d4 cxd4 4.Nxd4 Nc6 5.Nc3 Qc7 6.Be2 a6 7.O-O Nf6 8.Be3 Be7
9.f4 d6 10.a4 O-O 11.Kh1 Re8 12.Bf3 Rb8 13.Qe2 Bf8 14.Qf2 e5 15.Nde2 b5 16.axb5 axb5
17.fxe5 dxe5 18.Ng3 b4 19.Nd5 Nxd5 20.exd5 Nd4 21.Bxd4 exd4 22.Qxd4 Qxc2
23.Rac1 Qb3 24.Be4 Bd6 25.Rf3 Qa2 26.Bb1 Qa6 27.Qh4 h6 28.Rcf1 Rb7 29.Ne4 Rbe7
30.Bd3 Qb6 31.Nf6+ gxf6 32.Qxh6 Re4 33.Bxe4 Rxe4 34.Qxf6 Qc7 35.Qh6 Bf8 36.Qg5+ Bg7
37.Rg3 f6 38.Qxf6 Bb7 39.Qf8+ Kh7 40.Rh3+  1-0

[Event "NRW-Liga I 9495"]
[Site "Germany"]
[Date "1995.??.??"]
[Round "?"]
[White "Dueball, Juergen"]
[Black "Hall, Jesper"]
[Result "1-0"]
[WhiteElo "2390"]
[BlackElo "2435"]

1.e4 c5 2.Nf3 Nc6 3.d4 cxd4 4.Nxd4 e6 5.Nc3 d6 6.Be3 Nf6 7.Bc4 Be7 8.Qe2 a6
9.O-O-O Qc7 10.Bb3 Na5 11.g4 b5 12.g5 Nxb3+ 13.axb3 Nd7 14.h4 b4 15.Na4 Nc5
16.h5 Bd7 17.g6 Bf6 18.gxf7+ Kxf7 19.e5 Bxe5 20.Qf3+ Ke7 21.Nxc5 dxc5 22.Bg5+ Bf6
23.Nf5+ exf5 24.Rhe1+ Be6 25.Rxe6+ Kf7 26.Qd5 Bxg5+ 27.Re3+ Kf6 28.Qe6+  1-0

[Event "Glorney Cup U20"]
[Site "?"]
[Date "1995.??.??"]
[Round "?"]
[White "Lepelletier, Benoit"]
[Black "Gillen, Adrian"]
[Result "1-0"]
[WhiteElo "2385"]
[BlackElo "2225"]

1.e4 c5 2.Nc3 e6 3.Nf3 Nc6 4.d4 cxd4 5.Nxd4 a6 6.g3 Nge7 7.Nb3 Ng6 8.Bg2 Be7
9.a4 b6 10.Nd5 exd5 11.exd5 Qc7 12.dxc6 dxc6 13.Be3 O-O 14.O-O a5 15.Qh5 Bf6
16.Bd4 Bxd4 17.Nxd4 Bb7 18.Rad1 Rfe8 19.f4 Nf8 20.Qf3 Rac8 21.Qc3 f6 22.Rfe1 Rxe1+
23.Rxe1 Kh8 24.Qb3 c5 25.Nb5 c4 26.Qe3  1-0

[Event "GRE-ch94"]
[Site "Glyfada"]
[Date "1995.??.??"]
[Round "9"]
[White "Nikolaidis, Konstantinos"]
[Black "Grivas, Efstratios"]
[Result "0-1"]
[WhiteElo "2290"]
[BlackElo "2460"]

1.e4 c5 2.Nf3 Nc6 3.Nc3 e6 4.d4 cxd4 5.Nxd4 Qc7 6.g3 a6 7.Bg2 Nf6 8.O-O d6
9.Re1 Be7 10.Nb3 Bd7 11.f4 O-O 12.Qe2 b5 13.e5 Ne8 14.Kh1 Rc8 15.a4 b4 16.Nd1 Nb8
17.c3 Bc6 18.Nd4 Bxg2+ 19.Qxg2 dxe5 20.fxe5 Nc6 21.Nf3 Na5 22.Bf4 Nb3 23.Rb1 Qc6
24.Nf2 Nc7 25.Ne4 Nd5 26.Qc2 Nc5 27.Nd4 Qa8 28.cxb4 Nxb4 29.Qg2 Nbd3 30.Re2  0-1

[Event "Graz op"]
[Site "Graz"]
[Date "1995.??.??"]
[Round "8"]
[White "Forster, Richard"]
[Black "Teske, Henrik"]
[Result "0-1"]
[WhiteElo "2370"]
[BlackElo "2500"]

1.e4 c5 2.Nf3 e6 3.d4 cxd4 4.Nxd4 Nc6 5.Nc3 Qc7 6.Be2 a6 7.O-O Nf6 8.Be3 Bb4
9.Na4 Rb8 10.c4 Nxe4 11.Bf3 d5 12.c5 Qe5 13.g3 Nd2 14.Nxc6 Nxf3+ 15.Qxf3 bxc6
16.Qg4 h5 17.Qh4 Qf6 18.Bg5 Qf5 19.Bd8 f6 20.Bb6 Bd2 21.Qd4 Bg5 22.f4 Bh6
23.Bc7 Rb7 24.Bd6 h4 25.Kg2 e5 26.Qe3 hxg3 27.Qxg3 Bxf4 28.Rxf4 exf4 29.Re1+ Kf7  0-1

[Event "Groningen op"]
[Site "Groningen"]
[Date "1995.??.??"]
[Round "?"]
[White "Krakops, Maris"]
[Black "Skripchenko, Almira"]
[Result "1-0"]
[WhiteElo "2525"]
[BlackElo "2400"]

1.e4 c5 2.Nf3 e6 3.Nc3 Nc6 4.d4 cxd4 5.Nxd4 Nf6 6.Ndb5 d6 7.Bf4 e5 8.Bg5 a6
9.Na3 b5 10.Nd5 Be7 11.Bxf6 Bxf6 12.c3 Bg5 13.Nc2 O-O 14.a4 bxa4 15.Rxa4 a5
16.Bc4 Rb8 17.b3 Bd7 18.O-O Kh8 19.Ra2 g6 20.Kh1 Bh6 21.b4 axb4 22.cxb4 f5
23.exf5 gxf5 24.Ra6 Bg7 25.Qd2 e4 26.Nf4 Ne5 27.Be2 Rb6 28.Rxb6 Qxb6 29.Ne3 Rb8
30.Ned5 Qa7 31.Nh5 Bb5 32.Bxb5 Rxb5 33.Qg5 Qf7 34.Nxg7 Rxd5 35.Nxf5 Nc6 36.g4 Ne7
37.Qxe7 Rxf5 38.Qxd6 Rd5 39.Qg3 Qb7 40.Qf4 Qe7 41.Re1 Re5 42.Ra1 Rb5 43.Ra7 Qd8
44.Qxe4  1-0

[Event "Groningen op"]
[Site "Groningen"]
[Date "1995.??.??"]
[Round "?"]
[White "Koglin, Anke"]
[Black "Bojkovic, Natasa"]
[Result "0-1"]
[WhiteElo "2235"]
[BlackElo "2425"]

1.e4 c5 2.Nf3 e6 3.d4 cxd4 4.Nxd4 Nc6 5.Nc3 Qc7 6.f4 a6 7.Nxc6 Qxc6 8.Bd3 Bc5
9.Qg4 g6 10.Bd2 b5 11.Qe2 Bb7 12.a4 b4 13.Nd5 Qd6 14.c3 exd5 15.exd5+ Qe7
16.cxb4 Qxe2+ 17.Bxe2 Bd6 18.Bc3 f6 19.O-O Kf7 20.Bg4 Ne7 21.Bxd7 Nxd5 22.f5 Nxc3
23.Be6+ Ke7 24.bxc3 Be5 25.Rad1 Rhd8 26.c4 Be4 27.c5 Rab8 28.Rxd8 Rxd8 29.Re1 gxf5
30.Bc4 Rd4  0-1

[Event "Groningen op"]
[Site "Groningen"]
[Date "1995.??.??"]
[Round "?"]
[White "Socko, Bartosz"]
[Black "Tunik, Gennady"]
[Result "1/2-1/2"]
[WhiteElo "2485"]
[BlackElo "2515"]

1.e4 c5 2.Nf3 e6 3.d4 cxd4 4.Nxd4 Nc6 5.Nc3 a6 6.Nxc6 bxc6 7.Bd3 d5 8.O-O Nf6
9.Bg5 Be7 10.e5 Nd7 11.Bxe7 Qxe7 12.f4 Rb8 13.Rb1 O-O 14.Kh1 f6 15.exf6 Qxf6
16.Qd2 Bb7 17.Rbe1 Rbe8 18.Nd1 c5 19.c3 Re7 20.Qe2 c4 21.Bc2 Qh6 22.Ne3 Ref7
23.f5 e5 24.f6 g6 25.Ng4 Qg5 26.Nxe5 Nxe5 27.Qxe5 Qxe5 28.Rxe5 Rxf6 29.Rxf6 Rxf6
30.Kg1 Kf7 31.Re2 Bc8 32.b4 cxb3 33.Bxb3 Be6 34.Rd2 Rf5 35.Rd4 Re5 36.Kf2 Rf5+
37.Ke2 Re5+ 38.Kd1 Rh5 39.h3 Rg5 40.Rd2 Kf6 41.Kc1 Ke5 42.Re2+ Kd6 43.Kd2 Rg3
44.Bc2 h5 45.Rf2 h4 46.Bd1 Bf5 47.Bf3 Be4 48.Bxe4 dxe4 49.Rf4 Rxg2+ 50.Ke3 g5
51.Rf5 Ke6 52.Ra5 Kf6 53.Kxe4 Kg6 54.Rxa6+ Kh5 55.Rf6 Re2+ 56.Kd4 Rxa2 57.Rf3 Rg2
58.c4 g4 59.hxg4+ Kxg4 60.Rf8 h3 61.Rh8  1/2-1/2

[Event "Wch U16 Girls"]
[Site "Guarapuava"]
[Date "1995.??.??"]
[Round "3"]
[White "Murray Ortiz, Gisela"]
[Black "Sheldon, Ruth"]
[Result "0-1"]
[WhiteElo "2005"]
[BlackElo "2185"]

1.e4 c5 2.Nf3 e6 3.d4 cxd4 4.Nxd4 Nc6 5.Nc3 Qc7 6.Be2 a6 7.O-O Nf6 8.Be3 Bb4
9.Na4 O-O 10.Bd3 Ne5 11.h3 d5 12.exd5 Nxd5 13.Qe2 Nxd3 14.Qxd3 b5 15.a3 Bd6
16.Nc3 Nxe3 17.Qxe3 Bb7 18.Rad1 Rad8 19.Ne4 Bf4 20.Qe2 Qe5 21.Nxb5 axb5 22.Nc3 Qxe2
23.Nxe2 Be5 24.b3 Be4 25.c4 bxc4 26.bxc4 Bd3 27.Rd2 Bxc4  0-1

[Event "Gyongyos op "]
[Site "Gyongyos"]
[Date "1995.??.??"]
[Round "?"]
[White "Pinkas, Karol"]
[Black "Gladyszev, Oleg"]
[Result "1-0"]
[WhiteElo "2390"]
[BlackElo "2280"]

1.e4 c5 2.Nc3 e6 3.Nf3 Nc6 4.d4 cxd4 5.Nxd4 Nf6 6.Ndb5 d6 7.Bf4 e5 8.Bg5 a6
9.Na3 b5 10.Bxf6 gxf6 11.Nd5 f5 12.Bd3 Be6 13.O-O Bxd5 14.exd5 Ne7 15.c4 Bg7
16.cxb5 e4 17.Bc4 Bxb2 18.bxa6 O-O 19.Nc2 Bxa1 20.Qxa1 Ng6 21.Nd4 f4 22.Re1 Re8
23.Bb5 Re5 24.Nc6 Qb6 25.Nxe5 Nxe5 26.a4 Ng4 27.Qb2 e3 28.fxe3 Re8 29.Qe2 Nxe3
30.Kh1 Re5 31.Qf3 Qd4 32.a7 Qxa7 33.Qxf4 Qe7 34.Qg3+ Kh8 35.Rc1 Rg5 36.Rc8+ Kg7
37.Re8 Rxg3 38.Rxe7 Nxd5 39.Rxf7+ Kxf7 40.hxg3 Nb6 41.a5 Nc8 42.Kg1 Ke6 43.Kf2 Na7
44.Bd3 h6 45.Kf3 Ke5 46.Kg4 Kd4 47.Be2 Nc6 48.a6 Kc5 49.Kh5 Kb6 50.Kxh6 Nd4
51.Bd3  1-0

[Event "Haarlem op"]
[Site "Haarlem"]
[Date "1995.??.??"]
[Round "6"]
[White "Riemersma, Liafbern"]
[Black "Seeman, Tarvo"]
[Result "1/2-1/2"]
[WhiteElo "2430"]
[BlackElo "2310"]

1.e4 c5 2.Nf3 e6 3.d4 cxd4 4.Nxd4 Nc6 5.Nc3 d6 6.Be2 Nf6 7.O-O Be7 8.Be3 Bd7
9.f4 Nxd4 10.Bxd4 Bc6 11.Bd3 O-O 12.Qf3 Nd7 13.Qg3 e5 14.Be3 exf4 15.Bxf4 Ne5
16.Bxe5 dxe5 17.Kh1 Qd4 18.Rad1 Qb4 19.Qxe5 Qxb2 20.Rb1 Qa3 21.Nd5 Rae8 22.Rf3  1/2-1/2

[Event "Hafnarfjordur op"]
[Site "Hafnarfjordur"]
[Date "1995.??.??"]
[Round "2"]
[White "Vidarsson, Jon G"]
[Black "Thorsson, Olafur"]
[Result "1/2-1/2"]
[WhiteElo "2345"]
[BlackElo "2175"]

1.e4 c5 2.Nf3 e6 3.d4 cxd4 4.Nxd4 Nc6 5.Nc3 Qc7 6.g3 a6 7.Bg2 Nf6 8.O-O Nxd4
9.Qxd4 Bc5 10.Qd3 h6 11.Na4 Be7 12.Be3 d6 13.Nb6 Rb8 14.a4 O-O 15.a5 Bd7
16.c4 Bc6 17.Rfd1 Ng4 18.Bf4 Rbd8 19.Qe2 Ne5 20.b4 f5 21.f3 fxe4 22.fxe4 Bg5
23.Bxg5 hxg5 24.h3 Rf6 25.Ra3 Rdf8 26.Qd2 Rf3 27.Re3 g4 28.hxg4 Rf2 29.Qxd6 Qxd6
30.Rxd6 Nxg4 31.Red3 Re2 32.Rd1 Ne3 33.Bh3 Nxd1 34.Bxe6+ Kh8 35.Rxd1 Rff2
36.Bh3 Bxe4 37.Rd8+ Kh7 38.Rd4 Bc6 39.Nd5 Rh2 40.Bf1 Rb2 41.Bd3+ Kg8 42.Ne7+ Kf7
43.Nxc6 bxc6 44.b5 cxb5 45.cxb5 Rhd2 46.Bc4+ Ke7 47.Rxd2 Rxd2 48.bxa6 Rd7
49.Kf2 Kd6 50.Ke3 Kc5 51.Bf1 Kb4 52.Ke4 Kxa5 53.Bc4 Kb6 54.g4 Rc7  1/2-1/2

[Event "Wch U20 Girls"]
[Site "Halle"]
[Date "1995.??.??"]
[Round "3"]
[White "Abishova, Anna"]
[Black "Sheldon, Ruth"]
[Result "1-0"]
[WhiteElo "2035"]
[BlackElo "2185"]

1.e4 c5 2.Nf3 e6 3.d4 cxd4 4.Nxd4 Nc6 5.Nc3 Qc7 6.Be3 a6 7.Be2 Nf6 8.f4 Bb4
9.Bf3 d6 10.Ne2 O-O 11.O-O Bd7 12.Kh1 Na5 13.a3 Nc4 14.Bc1 Bc5 15.Qd3 Ba7
16.b3 Na5 17.Bb2 Rfd8 18.Rad1 Ne8 19.f5 Nc6 20.Qd2 Ne5 21.fxe6 Bxe6 22.Nf4 Nf6
23.Ncd5 Bxd5 24.Nxd5 Nxd5 25.Qxd5 Rac8 26.c4 Qe7 27.Bh5 g6 28.Be2 Be3 29.b4 b6
30.c5 bxc5 31.Bxa6 Rb8 32.Be2 Rbc8 33.Qb3 Bh6 34.Bxe5 dxe5 35.Rxd8+ Rxd8
36.bxc5 Qxc5 37.Qxf7+ Kh8 38.Qf6+  1-0

[Event "Wch U20"]
[Site "Halle"]
[Date "1995.??.??"]
[Round "4"]
[White "Oral, Tomas"]
[Black "Relange, Eloi"]
[Result "1-0"]
[WhiteElo "2410"]
[BlackElo "2455"]

1.e4 c5 2.Nf3 e6 3.d4 cxd4 4.Nxd4 Nc6 5.Nc3 Qc7 6.Be3 a6 7.Bd3 Nf6 8.O-O Ne5
9.h3 Bc5 10.Kh1 d6 11.f4 Ng6 12.Qf3 O-O 13.Rae1 b5 14.f5 Ne5 15.Qg3 Kh8 16.Qh4 b4
17.Nce2 Nxd3 18.cxd3 e5 19.Bg5 Ne8 20.f6 exd4 21.fxg7+ Nxg7 22.Bf6 Rg8 23.Qh6 d5
24.Rf4 dxe4 25.Ng3 Qxf4 26.Qxf4  1-0

[Event "Wch U20 Girls"]
[Site "Halle"]
[Date "1995.??.??"]
[Round "5"]
[White "Gaponenko, Inna"]
[Black "Medvegy, Nora"]
[Result "1/2-1/2"]
[WhiteElo "2365"]
[BlackElo "2265"]

1.e4 c5 2.Nf3 e6 3.d4 cxd4 4.Nxd4 Nc6 5.Nc3 Nf6 6.Ndb5 d6 7.Bf4 e5 8.Bg5 a6
9.Na3 b5 10.Nd5 Be7 11.Bxf6 Bxf6 12.c3 Bg5 13.Nc2 Rb8 14.Be2 a5 15.Nce3 O-O
16.Qd3 Be6 17.O-O Qe7 18.Nf5 Kh8 19.Rfd1 g6 20.Qg3 f6 21.Nfe3 Bh6 22.Qh4 Bg5
23.Qg3 Bh6 24.Qh4 Bg5  1/2-1/2

[Event "Wch U20 Girls"]
[Site "Halle"]
[Date "1995.??.??"]
[Round "6"]
[White "Djingarova, Emilia"]
[Black "Skripchenko, Almira"]
[Result "0-1"]
[WhiteElo "2090"]
[BlackElo "2400"]

1.e4 c5 2.Nf3 Nc6 3.d4 cxd4 4.Nxd4 e6 5.Nc3 Qc7 6.g3 a6 7.Bg2 Nf6 8.O-O Bc5
9.Nb3 Ba7 10.a4 d6 11.Qe2 Ne5 12.Be3 Bxe3 13.Qxe3 Nc4 14.Qc1 Bd7 15.Nd2 Ne5
16.Nf3 O-O 17.Rd1 b5 18.axb5 axb5 19.Nd4 b4 20.Nce2 Rxa1 21.Qxa1 Qb6 22.c3 bxc3
23.Nxc3 Rb8 24.b3 Rc8 25.Nce2 Neg4 26.h3 Nxf2 27.Kxf2 e5 28.Kf1 exd4 29.Qxd4 Qxb3
30.Qxd6 Bb5 31.Kf2 h6 32.Rd2 Qb1 33.Nd4 Nxe4+ 34.Bxe4 Qf1+ 35.Ke3 Rc3+ 36.Rd3 Rxd3+
37.Bxd3 Qxd3+ 38.Kf4 Qd2+ 39.Ke5 Bf1 40.Qd7 Qe3+ 41.Kd5 Bg2+ 42.Kc5 Qe5+
43.Kb4 Bxh3 44.Qxh3 Qxd4+ 45.Kb3 Qd3+ 46.Kb2 Kh7 47.Qg4 f5 48.Qf4 Kg6 49.Qc7 Qd4+
50.Kc2 Kh5 51.Qf7+ g6  0-1

[Event "Wichern op"]
[Site "Hamburg"]
[Date "1995.??.??"]
[Round "1"]
[White "Hoelscher, Thorsten"]
[Black "Panzer, Peter"]
[Result "0-1"]
[WhiteElo "2155"]
[BlackElo "2360"]

1.e4 c5 2.Nf3 e6 3.d4 cxd4 4.Nxd4 Nc6 5.Nc3 Qc7 6.f4 a6 7.Be3 b5 8.Qd2 Bb7
9.O-O-O Nf6 10.e5 b4 11.Ncb5 axb5 12.Nxb5 Qd8 13.exf6 d5 14.c4 bxc3 15.Nxc3 Qxf6
16.Bb5 Be7 17.g4 O-O 18.g5 Qf5 19.Bd3 Qh3 20.Bf1 Qf5 21.Bd3 Qh3 22.Bf1 Qh5
23.Be2 Qg6 24.Rhg1 Nb4 25.a3 Rfc8 26.Bd4 Na2+  0-1

[Event "Wichern op"]
[Site "Hamburg"]
[Date "1995.??.??"]
[Round "9"]
[White "Voigt, Martin"]
[Black "Jansa, Vlastimil"]
[Result "0-1"]
[WhiteElo "2260"]
[BlackElo "2495"]

1.e4 c5 2.Nc3 Nc6 3.Nge2 e6 4.d4 cxd4 5.Nxd4 a6 6.Be3 Qc7 7.Bd3 Nf6 8.O-O b5
9.Kh1 Bb7 10.f4 b4 11.Na4 Nxd4 12.Bxd4 Nxe4 13.Qe2 Nc5 14.Nxc5 Bxc5 15.Qe3 Rc8
16.Bxc5 Qxc5 17.Qxc5 Rxc5 18.a3 bxa3 19.Rxa3 Ke7 20.Rfa1 g5 21.b4 Rd5 22.f5 exf5
23.Bxa6 Bxa6 24.Rxa6 Rc8 25.R6a2 Rd2 26.Rc1 Rc4 27.Rb2 Kd6 28.b5 Kc7 29.b6+ Kb7
30.h3 Rc6 31.Rb5 d5 32.Rcb1 f4 33.R1b2 Re6 34.Rb1 Rc6 35.R1b2 h5 36.R5b4 Rcxc2
37.Rxc2 Rxc2 38.Rb5 Rc1+ 39.Kh2 Rd1 40.Rb3 f6 41.g3 Rd2+ 42.Kg1 fxg3 43.Rf3 h4
44.Rxf6 g4  0-1

[Event "Heraklio op"]
[Site "Heraklio"]
[Date "1995.??.??"]
[Round "1"]
[White "Kuzmin, Gennadi P"]
[Black "Vucicevic, Moma"]
[Result "1-0"]
[WhiteElo "2545"]
[BlackElo "2355"]

1.e4 c5 2.Nf3 Nc6 3.Nc3 e6 4.d4 cxd4 5.Nxd4 Qc7 6.Be2 Nf6 7.O-O a6 8.Kh1 d6
9.f4 Be7 10.a4 O-O 11.Bf3 Rb8 12.g4 Nd7 13.g5 Re8 14.Bg2 Bf8 15.Be3 g6 16.Qe2 Nb4
17.Qf2 b6 18.Bd2 Bb7 19.Nce2 Nc6 20.Nb3 Rbc8 21.Qh4 Ne7 22.Bc3 Qc4 23.Ng3 Bg7
24.Nd2 Qc5 25.Bxg7 Kxg7 26.c3 Kh8 27.Qh3 b5 28.Nb3 Qc7 29.axb5 axb5 30.Nd4 b4
31.f5 exf5 32.exf5 Ne5 33.f6 Bxg2+ 34.Qxg2 N7c6 35.Nb5 Qd7 36.Qd5 Ng4 37.Nxd6 Re6
38.Nge4 Ne3 39.Qc5 Nxf1 40.Nxc8 Re8 41.Ncd6 Qh3 42.Qf2  1-0

[Event "EU-ch U20"]
[Site "Holon"]
[Date "1995.??.??"]
[Round "6"]
[White "Forster, Richard"]
[Black "Bakhtadze, Giorgi"]
[Result "0-1"]
[WhiteElo "2370"]
[BlackElo "2275"]

1.e4 c5 2.Nf3 e6 3.d4 cxd4 4.Nxd4 Nc6 5.Nc3 Qc7 6.f4 d6 7.Be2 Nf6 8.Be3 Be7
9.Qd2 a6 10.O-O-O O-O 11.g4 Nd7 12.g5 Re8 13.h4 b5 14.g6 hxg6 15.h5 Nf8 16.hxg6 fxg6
17.e5 dxe5 18.Nxc6 Qxc6 19.Bd3 Bb7 20.Be4 Qc7 21.Qh2 Qxc3 22.bxc3 Bxe4 23.fxe5 Rac8
24.Rdf1 Bf5 25.Bd4 Rc4 26.Qg2 Rd8 27.Kb2 b4 28.Qb7 bxc3+ 29.Bxc3 Rd7 30.Qxa6 Rdc7
31.Rxf5 gxf5 32.Rh3 g5 33.a4 g4 34.Rd3 f4 35.Qa8 f3 36.Rd4 Rxc3 37.Rxg4+ Kh8
38.Qe4 Rxc2+ 39.Qxc2 Rxc2+ 40.Kxc2 Bc5 41.Kd3 Nd7 42.Ke4 f2 43.Rf4 Nb6 44.a5 Nc4
45.Kd3 Nxa5 46.Ke2 Nb3 47.Rf6 Kg7 48.Kd3 Na5 49.Ke2 Nc6 50.Kf1 Nxe5 51.Rxe6 Nf3
52.Re7+ Kf8  0-1

[Event "Horgen-B"]
[Site "Horgen"]
[Date "1995.??.??"]
[Round "1"]
[White "Kindermann, Stefan"]
[Black "Cramling, Pia"]
[Result "1/2-1/2"]
[WhiteElo "2565"]
[BlackElo "2510"]

1.e4 c5 2.Nf3 e6 3.d4 cxd4 4.Nxd4 Nc6 5.Nc3 a6 6.Be3 Qc7 7.Bd3 Nf6 8.O-O Ne5
9.h3 Bc5 10.Kh1 d6 11.f4 Nxd3 12.cxd3 b5 13.Rc1 Qb6 14.Nce2 O-O 15.Bg1 b4
16.e5 Nd7 17.Qe1 Bb7 18.Qg3 Rac8 19.Rfe1 Bd5 20.Nxe6 fxe6 21.d4 Qb7 22.dxc5 dxc5
23.a3  1/2-1/2